[Event "Valencia Region-ch Segunda"]
[Site "Valencia"]
[Date "2015.10.17"]
[Round "2.2"]
[White "Longas Gonzalez, Marta"]
[Black "Jave Condor, Luis Genaro"]
[Result "1-0"]
[WhiteElo "1453"]
[BlackElo "1646"]
[PlyCount "97"]
[EventDate "2015.10.03"]
[EventType "swiss"]
[EventRounds "7"]
[EventCountry "ESP"]
[SourceTitle "EXT 2024"]
[Source "ChessBase"]
[SourceDate "2023.10.10"]
[SourceVersion "1"]
[SourceVersionDate "2023.10.10"]
[SourceQuality "1"]

1. d4 e6 2. c4 Nf6 3. Nc3 b6 4. e4 Bb7 5. Bg5 Be7 6. Bxf6 Bxf6 7. e5 Be7 8. a3 0-0 9. Nf3 Nc6 10. d5 Nb8 11. Be2 d6 12. exd6 Bxd6 13. 0-0 Nd7 14. Nd4 Qh4 15. g3 Qh6 16. Qc1 Qh3 17. Bf3 Ne5 18. Bg2 Qh5 19. b3 Bc5 20. Qd1 Qg6 21. Nde2 Rad8 22. Nf4 Qh6 23. Qh5 Qxh5 24. Nxh5 Bd4 25. Rac1 c6 26. dxc6 Nxc6 27. Nb5 a6 28. Nxd4 Rxd4 29. b4 Ba8 30. b5 Ne5 31. bxa6 Bxg2 32. Kxg2 Nxc4 33. Rc3 Ra8 34. Rfc1 Nd6 35. Rc6 b5 36. Rb6 Kf8 37. Rcc6 Nc4 38. Rxb5 Nxa3 39. Rbc5 g6 40. Rc8+ Rxc8 41. Rxc8+ Ke7 42. a7 Ra4 43. a8Q Rxa8 44. Rxa8 Nb5 45. Nf4 g5 46. Nh3 f6 47. f4 h6 48. fxg5 hxg5 49. Rg8 1-0

[Event "Valencia Torrefiel U2200 op"]
[Site "Valencia"]
[Date "2015.06.27"]
[Round "2.4"]
[White "Benitez Lopez, Julio"]
[Black "Jave Condor, Luis Genaro"]
[Result "1-0"]
[WhiteElo "1845"]
[BlackElo "1653"]
[PlyCount "51"]
[EventDate "2015.06.26"]
[EventType "swiss"]
[EventRounds "6"]
[EventCountry "ESP"]
[SourceTitle "EXT 2024"]
[Source "ChessBase"]
[SourceDate "2023.10.10"]
[SourceVersion "1"]
[SourceVersionDate "2023.10.10"]
[SourceQuality "1"]

1. d4 Nf6 2. c4 e6 3. Nf3 Bb4+ 4. Bd2 Bxd2+ 5. Nbxd2 b6 6. e4 Bb7 7. Bd3 d6 8. Qc2 h6 9. 0-0 Nbd7 10. e5 dxe5 11. dxe5 Ng4 12. Rfe1 Nc5 13. Be4 Nxe4 14. Nxe4 h5 15. Rad1 Qe7 16. Qa4+ c6 17. Nd6+ Kf8 18. Rd2 g6 19. Red1 Kg7 20. Nxf7 b5 21. Qb3 Qc5 22. Nxh8 Kxh8 23. Qd3 Rg8 24. Qd7 Bc8 25. Qf7 Nh6 26. Qf6+ 1-0